| 000 | 01137nam a2200301Ia 4500 | ||
|---|---|---|---|
| 003 | OSt | ||
| 005 | 20221005110547.0 | ||
| 006 | a|||||r|||| 00| 0 | ||
| 007 | ta | ||
| 008 | 221004b |||||||| |||| 00| 0 hin d | ||
| 020 |
_a9788126317486 (hbk) _cINR 250.00 |
||
| 024 | _a37464 | ||
| 037 |
_bBW/1691, 15/03/2018, Bookwell _cTextual |
||
| 040 |
_aCRL _cCRL _bhin |
||
| 041 |
_2hin _ahin |
||
| 082 | _aO152,1N01:g, P9 | ||
| 100 | _aपांडेय, भवदेव, ले. | ||
| 245 | 0 | _aउग्र का परिशिष्ट | |
| 246 | _aUgra kā parishiṣhṭa | ||
| 250 | _aसंस्करण 2 | ||
| 260 |
_aनई दिल्ली _bभारतीय ज्ञानपीठ भारत _c2009 |
||
| 300 |
_a294पृ0 _ccm. |
||
| 490 | _aलोकोदय ग्रन्थमाला; ग्रन्थांक 946 | ||
| 650 | _a हिन्दी साहित्य | ||
| 650 | _aहिन्दी कविता | ||
| 942 |
_hO152,1N01:g, P9 _cTEXL _2cc |
||
| 999 |
_c1019208 _d1019208 |
||